[Event "Brno op"]
[Site "Brno"]
[Date "2015.08.23"]
[Round "1"]
[White "Chudinovskih, Alexander N"]
[Black "Kaplan, Milan"]
[Result "1-0"]
[WhiteElo "2275"]
[BlackElo "1815"]
[PlyCount "85"]
[EventDate "2015.08.23"]
[EventType "swiss"]
[EventRounds "9"]
[EventCountry "CZE"]
[SourceTitle "EXT 2016"]
[Source "ChessBase"]
[SourceDate "2015.10.08"]
[SourceVersion "1"]
[SourceVersionDate "2015.10.08"]
[SourceQuality "1"]

1. d4 Nf6 2. Nf3 e6 3. g3 c5 4. c4 b6 5. d5 exd5 6. cxd5 d6 7. Nc3 Be7 8. Bg2 Na6 9. 0-0 0-0 10. h3 Nc7 11. a4 Bb7 12. e4 a6 13. Rb1 b5 14. axb5 axb5 15. b4 Nd7 16. e5 cxb4 17. Rxb4 Nxe5 18. Nd4 Rb8 19. Re1 g6 20. Re2 Bf6 21. Ra2 Qc8 22. Ne4 Be7 23. Bh6 Re8 24. Nc6 Bxc6 25. dxc6 d5 26. Qd4 dxe4 27. Qxe5 f6 28. Qxe4 Bxb4 29. Qxb4 Qe6 30. Ra1 g5 31. h4 Kf7 32. hxg5 fxg5 33. Bxg5 Qe5 34. Qf4+ Kg6 35. Qxe5 Rxe5 36. Bf4 Re7 37. Ra7 Rc8 38. Bh3 Re1+ 39. Kh2 Ne6 40. c7 b4 41. Rb7 Re2 42. Rb8 Re8 43. Bxe6 1-0

[Event "CZE-chT2E 1415"]
[Site "Czech Republic"]
[Date "2015.04.19"]
[Round "11.8"]
[White "Kaplan, Milan"]
[Black "Zavacky, Peter"]
[Result "0-1"]
[WhiteElo "1791"]
[BlackElo "2120"]
[PlyCount "66"]
[EventDate "2014.11.02"]
[EventType "team-tourn"]
[EventRounds "11"]
[EventCountry "CZE"]
[SourceTitle "EXT 2022"]
[Source "ChessBase"]
[SourceDate "2021.10.06"]
[SourceVersion "1"]
[SourceVersionDate "2021.10.06"]
[SourceQuality "1"]
[WhiteTeam "Orechov"]
[BlackTeam "Brno Lokomotiva II"]
[WhiteTeamCountry "CZE"]
[BlackTeamCountry "CZE"]

1. e4 c6 2. d4 d5 3. Nd2 dxe4 4. Nxe4 Nd7 5. Nf3 Ngf6 6. Bd3 Nxe4 7. Bxe4 Nf6 8. Bd3 Bg4 9. Be3 e6 10. h3 Bh5 11. Qd2 Bxf3 12. gxf3 Qd5 13. Qe2 0-0-0 14. c4 Qa5+ 15. Kf1 Bd6 16. c5 Bb8 17. b4 Qxb4 18. Rb1 Qa5 19. Rb3 Nd5 20. Qb2 Rd7 21. Bd2 Qc7 22. a4 Nf4 23. Bc4 Rhd8 24. Bc3 e5 25. a5 a6 26. Rb6 exd4 27. Bd2 Re8 28. Bxf4 Qxf4 29. Bxa6 bxa6 30. Rxc6+ Rc7 31. Qb6 Qxf3 32. Qxa6+ Kd7 33. Rg1 Qxc6 0-1

[Event "Brno op 5th"]
[Site "Brno"]
[Date "2014.11.21"]
[Round "8"]
[White "Healy, Tom"]
[Black "Kaplan, Milan"]
[Result "1/2-1/2"]
[WhiteElo "1974"]
[BlackElo "1791"]
[PlyCount "158"]
[EventDate "2014.11.15"]
[EventType "swiss"]
[EventRounds "9"]
[EventCountry "CZE"]
[SourceTitle "CBM 163 Extra"]
[Source "ChessBase"]
[SourceDate "2014.12.23"]
[SourceVersion "1"]
[SourceVersionDate "2014.12.23"]
[SourceQuality "1"]

1. Nf3 c5 2. c4 Nf6 3. g3 e6 4. Bg2 Be7 5. Nc3 d6 6. 0-0 0-0 7. d4 cxd4 8. Nxd4 Nbd7 9. b3 Nb6 10. Bb2 d5 11. cxd5 Nbxd5 12. e4 Nxc3 13. Bxc3 Qb6 14. Qe2 Bd7 15. Rfd1 Rfe8 16. Rac1 Bf8 17. Nf3 Bb5 18. Qe1 Rad8 19. Bd4 Qa6 20. Bxf6 Rxd1 21. Rxd1 gxf6 22. Nd4 Bd7 23. a4 e5 24. Nf5 Be6 25. Qe3 Qa5 26. Bf1 Qb4 27. Rd3 a5 28. g4 Rc8 29. Be2 Qe1+ 30. Bf1 Qxe3 31. Nxe3 Rc1 32. Nd5 Kg7 33. f3 Bc5+ 34. Kg2 Bd4 35. Rd2 Rc5 36. Bc4 Bd7 37. Rd1 Bxa4 38. Ne7 Bd7 39. Bd5 b5 40. f4 Bxg4 41. Rd3 Rc3 42. Rd2 Be6 43. Nf5+ Bxf5 44. exf5 a4 45. fxe5 fxe5 46. bxa4 bxa4 47. Rb2 Kf6 48. Rb7 Kxf5 49. Rxf7+ Kg6 50. Rb7 a3 51. Be4+ Kg5 52. Bb1 a2 53. Bxa2 Rc2+ 54. Kf3 Rxa2 55. Rxh7 Rf2+ 56. Ke4 Rf4+ 57. Kd5 Rh4 58. Rg7+ Kf4 59. Rg2 Be3 60. Ra2 e4 61. Rg2 Rh5+ 62. Kc4 Bc5 63. Rg7 Bf2 64. Kc3 Rxh2 65. Rf7+ Kg3 66. Kd2 e3+ 67. Ke2 Rh4 68. Rg7+ Rg4 69. Rh7 Ra4 70. Rg7+ Kf4 71. Rf7+ Ke5 72. Re7+ Kd6 73. Re8 Ra2+ 74. Kf1 Kc5 75. Rc8+ Kd4 76. Rd8+ Kc3 77. Rc8+ Kd2 78. Re8 Kd1 79. Rxe3 Bxe3 1/2-1/2

[Event "Brno op 5th"]
[Site "Brno"]
[Date "2014.11.15"]
[Round "1"]
[White "Kaplan, Milan"]
[Black "Bartos, Jan"]
[Result "0-1"]
[WhiteElo "1791"]
[BlackElo "2194"]
[PlyCount "83"]
[EventDate "2014.11.15"]
[EventType "swiss"]
[EventRounds "9"]
[EventCountry "CZE"]
[SourceTitle "CBM 163 Extra"]
[Source "ChessBase"]
[SourceDate "2014.12.23"]
[SourceVersion "1"]
[SourceVersionDate "2014.12.23"]
[SourceQuality "1"]

1. e4 g6 2. d4 Bg7 3. Nc3 d6 4. Nf3 a6 5. a4 b6 6. Be3 Bb7 7. Be2 Nf6 8. d5 0-0 9. h3 c5 10. Qd2 e6 11. 0-0 exd5 12. exd5 Re8 13. Bg5 Nbd7 14. Rae1 Qc7 15. Bc4 Rxe1 16. Rxe1 Re8 17. Rxe8+ Nxe8 18. Qe2 Qc8 19. Ne4 Ne5 20. Nxe5 Bxe5 21. c3 f5 22. f4 Bg7 23. Nf2 Nc7 24. Qe7 Bf8 25. Qd8 Qxd8 26. Bxd8 b5 27. Bxc7 bxc4 28. Nd1 Bxd5 29. Ne3 Be6 30. g4 Kf7 31. a5 Ke7 32. g5 Kd7 33. Bb6 d5 34. Nc2 Bd6 35. Kf2 Bxf4 36. Bxc5 Bxg5 37. Nb4 Bc1 38. Nxa6 Bxb2 39. Bd4 Kc6 40. Nc5 Bc8 41. a6 Bxc3 42. Ne6 0-1